000 00372nam a2200145Ia 4500
003 SISC
005 20180213134131.0
008 180205s9999 xx 000 0 und d
020 _a9711011085
100 _aSantamaria, Josefina D.
245 _aManaging work and Career /
260 _aQuezon City
_bNew day publisher
_c2003
300 _aiv, 88 pages
942 _2lcc
_cBK
999 _c354689
_d354689